000 00890nam a2200265Ia 4500
003 OSt
005 20220923215600.0
006 a|||||r|||| 00| 0
007 ta
008 220922b |||||||| |||| 00| 0 hin d
024 _a179,986
037 _cTextual
040 _aARTS
_cARTS
_bhin
041 _2hin
_ahin
082 _aO152,1J45,5, 152K5
100 _aनरोत्तम दास, संपा.
_9156890
245 0 _aक्रिसन रूकमर्णीरी वेलि
246 _aKrisan rūkamarṇīrī veli
250 _aसंस्क0 2
260 _aआगरा
_b श्रीराम मेहरा
_c1965
300 _a238 पृ.
_ccm.
650 _aहिन्दी साहित्य
_9156264
942 _hO152,1J45,5, 152K5
_cTEXL
_2CC
999 _c333367
_d333367